000 00521nam a22001817a 4500
005 20170823122756.0
010 _aENG-120007
020 _c250.00
_a9789380828794
035 _aEN-103539
037 _bDBAD/PUB
082 _aS
100 _aChowdhury, K.L.
245 _aFaith & frenzy :
_bshort stories from kashmir /
_cby K.L. Chowdhruy
260 _aNew Delhi
_bVitasta Publishing
_c2012
270 _a2/15, Ansari Road, Daryaganj,
_bNew Dehi
_e110002
300 _a232p.
_c22cm(pbk)
942 _2ddc
_cEN
_hS
_mCHO
999 _c143708
_d143708